| 000 | 00889cam a22002411a 4500 | ||
|---|---|---|---|
| 001 | e 22000272 | ||
| 003 | DLC | ||
| 005 | 20260227111213.0 | ||
| 008 | 850423s1921 dcu f000 0 eng c | ||
| 010 | _ae 22000272 | ||
| 035 | _a(OCoLC)11952092 | ||
| 040 |
_aLibrary, U.S. Office of Education _cABAU _dABAU _dDLC |
||
| 042 | _apremarc | ||
| 050 | 0 | 0 |
_aL111 _b.A6 1921, no. 42 |
| 100 | 1 |
_aAbel, James F. _q(James Frederick), _d1878- |
|
| 245 | 1 | 0 |
_aTeacher placement by public agencies / _cby J.F. Abel. |
| 260 |
_aWashington : _bG.P.O., _c1921. |
||
| 300 |
_a8 p. ; _c23 cm. |
||
| 490 | 1 |
_aBulletin / Department of the Interior, Bureau of Education ; _v1921, no. 42 |
|
| 500 | _a"Advance sheets from the Biennial survey of education in the United States, 1918-1920" | ||
| 650 | 0 | _aTeacher placement agencies. | |
| 830 | 0 |
_aBulletin (United States. Bureau of Education) ; _v1921, no. 42 |
|
| 999 |
_c20504 _d20504 |
||